000 00447nam a2200157 4500
001 126221
003 ES-MaACL
005 20230906192759.0
007 t|
008 070214s1926 ag r ||||1| spa d
100 1 _aRebora, Juan Carlos.
_995717
245 1 3 _aLa familia
_b: (boceto sociológico y jurídico) /
_cJuan Carlos Rebora.
260 _aBuenos Aires :
_bJuan Roldán,
_c1926.
300 _a2 v. ;
_c25 cm.
852 _aES-MaACL
_jF-37-8
999 _c126221
_d126221